[Event "ch-Schachbundesliga 2020"]
[Site "Karlsruhe GER"]
[Date "2020.09.20"]
[Round "7.4"]
[White "Meessen, Rudolf"]
[Black "Lindgren, Philip"]
[Result "1/2-1/2"]
[WhiteElo "2234"]
[BlackElo "2358"]
[EventDate "2020.09.16"]
[Board "6"]
[WhiteTeam "Aachener SV"]
[BlackTeam "FC Bayern Muenchen"]

1. d4 Nf6 2. c4 e6 3. Nc3 Bb4 4. f3 O-O 5. e4 d5 6. e5 Nfd7 7. cxd5 exd5 8.
f4 c5 9. a3 Ba5 10. Be3 cxd4 11. Bxd4 Bxc3+ 12. bxc3 Qh4+ 13. g3 Qe7 14.
Bg2 f6 15. Bxd5+ Kh8 16. Nf3 fxe5 17. Nxe5 Nxe5 18. Bxe5 Nd7 19. Qd4 Nxe5
20. Qxe5 Qc5 21. Qd4 Qxd4 22. cxd4 Rd8 23. Bf3 Rxd4 24. O-O Rb8 25. Rfd1
Rd7 26. Rac1 Rxd1+ 27. Rxd1 Be6 28. Rd6 Bg8 29. Rd7 b5 30. Rxa7 b4 31. axb4
Rxb4 32. Rb7 Rxb7 33. Bxb7 g6 34. Kf2 h6 35. Ke3 Kg7 36. Kd4 Be6 37. Ke5
Bd7 38. Bd5 Bg4 39. Be6 Be2 40. g4 Bd3 41. h4 Bc2 42. Bd5 Bd1 43. Be6 Bc2
44. Bd7 Bd3 45. Be8 Kf8 46. Bc6 Kg7 47. Be4 Be2 48. f5 Bxg4 49. f6+ Kf7 50.
Bd5+ Kf8 51. Kf4 1/2-1/2

[Event "ch-Schachbundesliga 2020"]
[Site "Karlsruhe GER"]
[Date "2020.09.20"]
[Round "7.4"]
[White "Rafiee, Makan"]
[Black "Lamby, Philipp"]
[Result "1-0"]
[WhiteElo "2334"]
[BlackElo "2130"]
[EventDate "2020.09.16"]
[Board "7"]
[WhiteTeam "FC Bayern Muenchen"]
[BlackTeam "Aachener SV"]

1. e4 e5 2. Nf3 Nc6 3. Bc4 Bc5 4. c3 Nf6 5. d3 a6 6. Nbd2 O-O 7. Bb3 Ba7 8.
h3 d6 9. Nf1 Be6 10. Bg5 h6 11. Bh4 g5 12. Nxg5 hxg5 13. Bxg5 Bxf2+ 14. Ke2
Kg7 15. Qd2 Kg6 16. h4 Bb6 17. Nh2 Nxe4 18. dxe4 Qd7 19. Bf6 Bg4+ 20. Kd3
Kh7 21. Raf1 Na5 22. Bg7 Kxg7 23. Qg5+ Kh8 24. Rf6 Bf5 25. exf5 e4+ 26. Kc2
1-0